000 00662nam a2200265Ia 4500
005 20260324152817.0
008 008 260324s9999 xx 000 0 eng d
020 _a9780128030226
037 _aEBOOK
040 _aCRL
040 _beng
040 _cCRL
041 _2eng
041 _aeng
084 _qCRL
100 _aQazi, Salahuddin
_91229815
245 0 _aStandalone Photovoltaic (PV) Systems for Disaster Relief and Remote Areas
260 _bElsevier
260 _c2016
650 _aEnergy
856 _uhttps://www.sciencedirect.com/science/book/9780128030226
942 _cEBOOK
999 _c1840714
_d1840714